[Event "Muensterland Verbandsklasse playoff 5-8"]
[Site "Germany"]
[Date "2023.04.22"]
[Round "2.1"]
[White "Burike, Christian"]
[Black "Woeste, Georg"]
[Result "1-0"]
[WhiteElo "1776"]
[BlackElo "1818"]
[PlyCount "71"]
[EventDate "2023.03.11"]
[EventType "team-k.o."]
[EventRounds "2"]
[EventCountry "GER"]
[SourceTitle "EXT 2024"]
[Source "ChessBase"]
[SourceDate "2023.10.10"]
[SourceVersion "1"]
[SourceVersionDate "2023.10.10"]
[SourceQuality "1"]
[WhiteTeam "Bocholt II"]
[BlackTeam "Reckenfeld"]
[WhiteTeamCountry "GER"]
[BlackTeamCountry "GER"]

1. d4 d5 2. Nf3 Nf6 3. e3 e6 4. Bd3 Be7 5. Nbd2 b6 6. 0-0 Bb7 7. Qe2 0-0 8. e4 dxe4 9. Nxe4 Nbd7 10. Nxf6+ Nxf6 11. c3 c5 12. dxc5 Bxc5 13. Bg5 Be7 14. Rad1 Qc7 15. Rfe1 Rad8 16. Nd4 Rd5 17. Bh4 Nh5 18. c4 Nf4 19. Qe3 Rxd4 20. Bxh7+ Kxh7 21. Rxd4 Bxh4 22. Rxf4 Bg5 23. Qh3+ Bh6 24. Rd4 Rd8 25. Qd3+ g6 26. Rxd8 Qc6 27. f3 Bg5 28. Rd7 Kg7 29. b3 Bf6 30. Qd6 Qxd6 31. Rxd6 Bc3 32. Red1 Bb4 33. Rd7 Bc6 34. Rxa7 Bc5+ 35. Kf1 Kf6 36. Rc7 1-0

[Event "Muensterland Verbandsklasse playoff"]
[Site "Germany"]
[Date "2022.05.14"]
[Round "3.3"]
[White "Woeste, Georg"]
[Black "Wilms, Gerwin"]
[Result "1-0"]
[WhiteElo "1764"]
[BlackElo "1599"]
[PlyCount "79"]
[EventDate "2022.04.02"]
[EventType "team-tourn"]
[EventRounds "5"]
[EventCountry "GER"]
[SourceTitle "EXT 2023"]
[Source "ChessBase"]
[SourceDate "2022.10.05"]
[SourceVersion "1"]
[SourceVersionDate "2022.10.05"]
[SourceQuality "1"]
[WhiteTeam "Reckenfeld"]
[BlackTeam "Duelmen II"]
[WhiteTeamCountry "GER"]
[BlackTeamCountry "GER"]

1. d4 d5 2. Nf3 e6 3. e3 Nf6 4. c4 c6 5. Nc3 Nbd7 6. Bd3 dxc4 7. Bxc4 b5 8. Bd3 Bb7 9. 0-0 a6 10. b3 c5 11. Bb2 cxd4 12. exd4 Bd6 13. Re1 Bxf3 14. Qxf3 0-0 15. Ne4 Nxe4 16. Rxe4 Nf6 17. Rh4 g6 18. d5 e5 19. Re1 Re8 20. Qh3 Qd7 21. Qf3 Qd8 22. Re3 Rc8 23. b4 Bb8 24. g3 Nxd5 25. Rxh7 Qf6 26. Qxd5 Kxh7 27. Rf3 Rcd8 28. Qxf7+ Qxf7 29. Rxf7+ Kg8 30. Bxg6 Rf8 31. Re7 Rd2 32. Bc3 Rdxf2 33. Bh7+ Kh8 34. Be4 Rxa2 35. Rb7 Bd6 36. Rd7 Bb8 37. Rb7 Bd6 38. Rb6 Bc7 39. Rh6+ Kg8 40. Bd5+ 1-0

[Event "Steinfurt Bezirksliga 1819"]
[Site "Germany"]
[Date "2018.09.22"]
[Round "2.4"]
[White "Borgmann, Simon"]
[Black "Woeste, Georg"]
[Result "0-1"]
[WhiteElo "1533"]
[BlackElo "1719"]
[PlyCount "66"]
[EventDate "2018.09.01"]
[EventType "team-tourn"]
[EventRounds "10"]
[EventCountry "GER"]
[SourceTitle "EXT 2020"]
[Source "ChessBase"]
[SourceDate "2019.10.17"]
[SourceVersion "1"]
[SourceVersionDate "2019.10.17"]
[SourceQuality "1"]
[WhiteTeam "Emsdetten Rochade IV"]
[BlackTeam "Reckenfeld"]
[WhiteTeamCountry "GER"]
[BlackTeamCountry "GER"]

1. d4 Nf6 2. Nf3 e6 3. c4 d5 4. e3 b6 5. Nbd2 Bd6 6. b3 0-0 7. Bb2 Bb7 8. Be2 Nbd7 9. 0-0 Ne4 10. Qc2 Qe7 11. Bd3 f5 12. a3 a5 13. Ne5 Ndf6 14. f3 Ng5 15. a4 Rac8 16. Rac1 c5 17. Qb1 Rc7 18. cxd5 Nxd5 19. e4 Nf4 20. Ndc4 cxd4 21. Nxd6 Rxc1 22. Bxc1 Qxd6 23. Nc4 Qc7 24. Ba3 Nxd3 25. Bxf8 Kxf8 26. Qxd3 e5 27. exf5 Qc5 28. Nxe5 Qxe5 29. f4 Qd5 30. Qe2 Ne4 31. Qc4 d3 32. Rd1 d2 33. Qc7 Qd4+ 0-1

[Event "Steinfurt Bezirksliga 1718"]
[Site "Germany"]
[Date "2017.11.11"]
[Round "2.1"]
[White "Woeste, Georg"]
[Black "Raus, Michael"]
[Result "1/2-1/2"]
[WhiteElo "1724"]
[BlackElo "1705"]
[PlyCount "55"]
[EventDate "2017.09.23"]
[EventType "team-tourn"]
[EventRounds "7"]
[EventCountry "GER"]
[SourceTitle "EXT 2019"]
[Source "ChessBase"]
[SourceDate "2018.10.10"]
[SourceVersion "1"]
[SourceVersionDate "2018.10.10"]
[SourceQuality "1"]
[WhiteTeam "Reckenfeld"]
[BlackTeam "Steinfurt II"]
[WhiteTeamCountry "GER"]
[BlackTeamCountry "GER"]

1. Nf3 e6 2. d4 b6 3. g3 Bb7 4. Bg2 f5 5. 0-0 Nf6 6. c4 Be7 7. Nc3 0-0 8. d5 Na6 9. dxe6 dxe6 10. Ng5 Bxg2 11. Kxg2 Qxd1 12. Rxd1 e5 13. Ne6 Rfe8 14. Nb5 Bd8 15. Nxd8 Raxd8 16. Bg5 Kf7 17. Nxa7 Nc5 18. Nc6 Rd6 19. Rxd6 cxd6 20. b4 Nce4 21. Be3 Nd7 22. a4 Rc8 23. b5 Nec5 24. a5 Nb3 25. Ra3 Nxa5 26. Nxa5 bxa5 27. Rxa5 Rxc4 28. Ra7 1/2-1/2

[Event "Steinfurt Bezirksliga 1617"]
[Site "Germany"]
[Date "2017.03.25"]
[Round "8.3"]
[White "Ortmeier, Leonhard"]
[Black "Woeste, Georg"]
[Result "1-0"]
[WhiteElo "1866"]
[BlackElo "1720"]
[PlyCount "69"]
[EventDate "2016.09.24"]
[EventType "team"]
[EventRounds "9"]
[EventCountry "GER"]
[SourceTitle "EXT 2018"]
[Source "ChessBase"]
[SourceDate "2017.10.13"]
[SourceVersion "1"]
[SourceVersionDate "2017.10.13"]
[SourceQuality "1"]
[WhiteTeam "Emsdetten Rochade III"]
[BlackTeam "Reckenfeld"]
[WhiteTeamCountry "GER"]
[BlackTeamCountry "GER"]

1. e4 c5 2. Nf3 Nc6 3. d4 cxd4 4. Nxd4 e6 5. Be3 Nf6 6. Nc3 a6 7. Bd3 Qc7 8. 0-0 Bb4 9. Kh1 Nxd4 10. Bxd4 e5 11. Be3 Bxc3 12. bxc3 Qxc3 13. f4 d5 14. fxe5 Qxe5 15. Bd4 Qg5 16. Bxf6 gxf6 17. exd5 0-0 18. Rb1 Bg4 19. Qe1 Rae8 20. Qf2 b5 21. Rb4 Kg7 22. h4 Qh5 23. Qg3 f5 24. Bxf5 Kh8 25. Rxg4 Qh6 26. Qc3+ f6 27. Be6 Rd8 28. Rgf4 b4 29. Qd4 Kg7 30. Qxb4 Rb8 31. Qe7+ Kh8 32. g3 Rbe8 33. Rxf6 Rxe7 34. Rxf8+ Kg7 35. Rg8# 1-0

[Event "Steinfurt Bezirksliga 1516"]
[Site "Germany"]
[Date "2016.04.30"]
[Round "8.3"]
[White "Richter, Juergen"]
[Black "Woeste, Georg"]
[Result "1/2-1/2"]
[WhiteElo "1923"]
[BlackElo "1710"]
[PlyCount "47"]
[EventDate "2015.09.19"]
[EventType "team-tourn"]
[EventRounds "9"]
[EventCountry "GER"]
[SourceTitle "EXT 2017"]
[Source "ChessBase"]
[SourceDate "2016.10.25"]
[SourceVersion "1"]
[SourceVersionDate "2016.10.25"]
[SourceQuality "1"]
[WhiteTeam "Ibbenbueren"]
[BlackTeam "Reckenfeld"]
[WhiteTeamCountry "GER"]
[BlackTeamCountry "GER"]

1. d4 d5 2. f4 Nf6 3. Nf3 e6 4. e3 c5 5. c3 Nc6 6. Bd3 Bd6 7. 0-0 Bd7 8. Ne5 Qe7 9. Qf3 h6 10. Nd2 0-0-0 11. a4 Rdf8 12. a5 c4 13. Bc2 Ne8 14. b3 cxb3 15. Bxb3 Nc7 16. c4 Bb4 17. a6 Nxe5 18. axb7+ Kb8 19. dxe5 Bc6 20. cxd5 Nxd5 21. Bxd5 Bxd5 22. e4 Bxb7 23. Kh1 Rc8 24. Nb1 1/2-1/2

[Event "Steinfurt Bezirksliga 1314"]
[Site "Germany"]
[Date "2014.05.17"]
[Round "9.7"]
[White "Woeste, Georg"]
[Black "Von Gorissen, Rolf Ruediger"]
[Result "1/2-1/2"]
[WhiteElo "1743"]
[BlackElo "1384"]
[PlyCount "48"]
[EventDate "2013.09.14"]
[EventType "team-tourn"]
[EventRounds "9"]
[EventCountry "GER"]
[SourceTitle "EXT 2015"]
[Source "ChessBase"]
[SourceDate "2014.11.20"]
[SourceVersion "1"]
[SourceVersionDate "2014.11.20"]
[SourceQuality "1"]
[WhiteTeam "Reckenfeld"]
[BlackTeam "Steinfurt III"]
[WhiteTeamCountry "GER"]
[BlackTeamCountry "GER"]

1. d4 e6 2. Nf3 b6 3. g3 Bb7 4. Bg2 g6 5. 0-0 Bg7 6. c4 Ne7 7. Nc3 0-0 8. Bf4 d6 9. Rc1 Nd7 10. e4 e5 11. Bg5 h6 12. Be3 Kh8 13. Qd2 Ng8 14. Rfd1 a6 15. dxe5 Nxe5 16. Nxe5 Bxe5 17. Nd5 Rc8 18. Bh3 Rb8 19. f4 Bg7 20. f5 g5 21. Rf1 Nf6 22. Bg2 Re8 23. Qd3 Ng4 24. Bd4 Ne5 1/2-1/2

[Event "Steinfurt Bezirksliga 1314"]
[Site "Germany"]
[Date "2013.09.14"]
[Round "1.8"]
[White "Woeste, Georg"]
[Black "Kaisel, Rene"]
[Result "1-0"]
[WhiteElo "1743"]
[BlackElo "1400"]
[PlyCount "97"]
[EventDate "2013.09.14"]
[EventType "team-tourn"]
[EventRounds "9"]
[EventCountry "GER"]
[SourceTitle "EXT 2015"]
[Source "ChessBase"]
[SourceDate "2014.11.20"]
[SourceVersion "1"]
[SourceVersionDate "2014.11.20"]
[SourceQuality "1"]
[WhiteTeam "Reckenfeld"]
[BlackTeam "Neuenkirchen II"]
[WhiteTeamCountry "GER"]
[BlackTeamCountry "GER"]

1. d4 d5 2. Nf3 e6 3. c4 Nf6 4. e3 Be7 5. Nc3 0-0 6. Be2 a6 7. 0-0 h6 8. b3 c6 9. Bb2 Nbd7 10. c5 Qc7 11. Na4 Re8 12. Rc1 Bf8 13. Qc2 g6 14. Ne5 Bg7 15. f3 Nf8 16. Bd3 Re7 17. g4 N6d7 18. f4 Nxe5 19. dxe5 Bd7 20. Bd4 Be8 21. Nb6 Rb8 22. Qg2 Nd7 23. Qg3 Nxb6 24. cxb6 Qd8 25. Rc2 Rd7 26. f5 exf5 27. gxf5 Qg5 28. Qxg5 hxg5 29. f6 Bh6 30. Be2 Rdd8 31. Kg2 Bd7 32. Kg3 Bf5 33. Rcc1 Kf8 34. Bg4 Bxg4 35. Kxg4 Ke8 36. Rf3 Kd7 37. Rh3 Rh8 38. Rc2 Ke6 39. Rc5 Rh7 40. a4 Rbh8 41. Rc2 Rc8 42. b4 Kd7 43. Rc5 Ke6 44. b5 axb5 45. axb5 Kd7 46. bxc6+ bxc6 47. Ra5 Ke8 48. Bc5 Rb8 49. Ra7 1-0

[Event "Steinfurt Bezirksliga 1213"]
[Site "Germany"]
[Date "2013.01.12"]
[Round "5.3"]
[White "Wehmeier, Sven"]
[Black "Woeste, Georg"]
[Result "1-0"]
[WhiteElo "1752"]
[BlackElo "1797"]
[PlyCount "107"]
[EventDate "2012.09.22"]
[EventType "team-tourn"]
[EventRounds "9"]
[EventCountry "GER"]
[SourceTitle "EXT 2015"]
[Source "ChessBase"]
[SourceDate "2014.11.20"]
[SourceVersion "1"]
[SourceVersionDate "2014.11.20"]
[SourceQuality "1"]
[WhiteTeam "Emsdetten Turm III"]
[BlackTeam "Reckenfeld"]
[WhiteTeamCountry "GER"]
[BlackTeamCountry "GER"]

1. e4 c5 2. Nf3 Nc6 3. d4 cxd4 4. Nxd4 e6 5. Be3 a6 6. Be2 Qc7 7. c3 Nf6 8. Nd2 d5 9. Nxc6 bxc6 10. exd5 Nxd5 11. Nc4 Nxe3 12. fxe3 e5 13. Qd3 Be6 14. Qe4 f6 15. 0-0-0 Be7 16. Bf3 0-0 17. b3 Rfc8 18. Bg4 Bxg4 19. Qxg4 Rd8 20. Qe6+ Kh8 21. Kc2 Bf8 22. Rhf1 a5 23. a4 Rab8 24. h4 h6 25. e4 Rxd1 26. Rxd1 Qa7 27. Rf1 Qb7 28. Ne3 Qa6 29. Re1 Qb6 30. g4 Qc5 31. Nd1 Rd8 32. g5 fxg5 33. hxg5 Qd6 34. Qxd6 Rxd6 35. gxh6 Rxh6 36. Ne3 g5 37. Rg1 Bc5 38. Rg3 Bxe3 39. Rxe3 g4 40. b4 Rg6 41. Rg3 Kh7 42. b5 cxb5 43. axb5 Kh6 44. c4 Kh5 45. c5 Kh4 46. Rg1 g3 47. c6 Kh3 48. c7 Rg8 49. b6 Rc8 50. Rh1+ Kg2 51. Rh7 Kf1 52. Kd2 g2 53. Rf7+ Kg1 54. b7 1-0

[Event "Muensterland Verbandsklasse-B 1112"]
[Site "Germany"]
[Date "2012.04.21"]
[Round "8.5"]
[White "Woeste, Georg"]
[Black "Boerger, Andreas"]
[Result "0-1"]
[WhiteElo "1807"]
[BlackElo "1781"]
[PlyCount "116"]
[EventDate "2011.09.17"]
[EventType "team-tourn"]
[EventRounds "9"]
[EventCountry "GER"]
[SourceTitle "EXT 2013"]
[Source "ChessBase"]
[SourceDate "2012.11.22"]
[SourceVersion "1"]
[SourceVersionDate "2012.11.22"]
[SourceQuality "1"]
[WhiteTeam "Reckenfeld"]
[BlackTeam "Muenster IV"]
[WhiteTeamCountry "GER"]
[BlackTeamCountry "GER"]

1. Nf3 c5 2. g3 Nc6 3. d4 cxd4 4. Nxd4 g6 5. Bg2 Bg7 6. c3 Qb6 7. Nxc6 bxc6 8. Nd2 Ba6 9. 0-0 Nf6 10. Ne4 Nd5 11. Qc2 Rb8 12. Bf3 f5 13. Ng5 0-0 14. Rd1 Nf6 15. Qb3+ d5 16. Be3 Qb7 17. Ne6 Qc8 18. Qa3 Qxe6 19. Qxa6 Qd7 20. Qxa7 Qxa7 21. Bxa7 Rxb2 22. Bc5 Kf7 23. a4 Nd7 24. Ba3 Rb3 25. Bb4 Bxc3 26. Bxc3 Rxc3 27. a5 Ke6 28. Rdb1 Ra8 29. a6 Kd6 30. e3 Ra7 31. Be2 Kc7 32. Kg2 e6 33. Rb2 Nc5 34. h3 Rb3 35. Rc2 Nd7 36. g4 Rb6 37. Kg3 c5 38. Kf4 h6 39. gxf5 gxf5 40. Rg1 Rb4+ 41. Kg3 Kd6 42. f4 c4 43. Kh4 Rxa6 44. Kh5 Ra3 45. Rg3 Rbb3 46. Kxh6 Rxe3 47. Rxe3 Rxe3 48. h4 Ke7 49. h5 Rg3 50. Ra2 Nc5 51. Kh7 c3 52. h6 d4 53. Bc4 d3 54. Kh8 c2 55. Ra1 d2 56. h7 c1Q 57. Ra7+ Kd6 58. Bxe6 Qb2+ 0-1

[Event "Muensterland Verbandsklasse-B 1112"]
[Site "Germany"]
[Date "2012.01.14"]
[Round "5.4"]
[White "Schley, Alfred"]
[Black "Woeste, Georg"]
[Result "1-0"]
[WhiteElo "1719"]
[BlackElo "1807"]
[PlyCount "89"]
[EventDate "2011.09.17"]
[EventType "team-tourn"]
[EventRounds "9"]
[EventCountry "GER"]
[SourceTitle "EXT 2013"]
[Source "ChessBase"]
[SourceDate "2012.11.22"]
[SourceVersion "1"]
[SourceVersionDate "2012.11.22"]
[SourceQuality "1"]
[WhiteTeam "Stadtlohn"]
[BlackTeam "Reckenfeld"]
[WhiteTeamCountry "GER"]
[BlackTeamCountry "GER"]

1. e4 c5 2. d4 cxd4 3. c3 d3 4. Bxd3 Nc6 5. Nf3 e5 6. 0-0 Be7 7. Qe2 d6 8. h3 h6 9. Rd1 Nf6 10. Bb5 Bd7 11. Nbd2 Qc7 12. Nf1 a6 13. Bd3 g5 14. N3h2 d5 15. Ng3 d4 16. Bd2 Qb6 17. Nf5 Rc8 18. cxd4 Nxd4 19. Nxd4 exd4 20. b3 Ba3 21. Qf3 Bb5 22. Bxb5+ axb5 23. e5 Nd7 24. Ng4 Rc6 25. Re1 Re6 26. Qd5 Ke7 27. Re4 Rd8 28. Rxd4 Bb2 29. Bb4+ Ke8 30. Rad1 Bxd4 31. Rxd4 Nxe5 32. Nf6+ Rxf6 33. Qxe5+ Qe6 34. Rxd8+ Kxd8 35. Qb8+ Kd7 36. Qxb7+ Ke8 37. Qxb5+ Kd8 38. Qb8+ Kd7 39. Ba5 Qa6 40. Qd8+ Ke6 41. Qe8+ Kd5 42. Bc3 Re6 43. Qxf7 Qe2 44. Qd7+ Kc5 45. Bd4+ 1-0

[Event "Steinfurt Bezirksliga 0910"]
[Site "Germany"]
[Date "2010.04.24"]
[Round "8.3"]
[White "Luszczynski, Josef"]
[Black "Woeste, Georg"]
[Result "0-1"]
[WhiteElo "1475"]
[BlackElo "1798"]
[PlyCount "62"]
[EventDate "2009.09.12"]
[EventType "team-tourn"]
[EventRounds "9"]
[EventCountry "GER"]
[SourceTitle "EXT 2011"]
[Source "ChessBase"]
[SourceDate "2010.11.26"]
[SourceVersion "1"]
[SourceVersionDate "2010.11.26"]
[SourceQuality "1"]
[WhiteTeam "Ibbenbueren II"]
[BlackTeam "Reckenfeld"]
[WhiteTeamCountry "GER"]
[BlackTeamCountry "GER"]

1. e4 c5 2. Nc3 Nc6 3. f4 d6 4. Nf3 g6 5. Bb5 Bd7 6. 0-0 Bg7 7. d3 Qc7 8. Qe1 e6 9. Kh1 Nge7 10. a3 a6 11. Bc4 b5 12. Ba2 b4 13. axb4 cxb4 14. Ne2 a5 15. Bc4 d5 16. exd5 exd5 17. Bb5 0-0 18. c3 Rab8 19. Ba4 Bf5 20. d4 Bd3 21. Rf2 Bb5 22. Bc2 b3 23. Bd1 a4 24. Ne5 f6 25. Ng4 Nf5 26. Ne3 Nxe3 27. Bxe3 a3 28. Bxb3 axb2 29. Bxd5+ Kh8 30. Ra2 Bxe2 31. Qb1 Bd3 0-1

[Event "Steinfurt Bezirksliga 0910"]
[Site "Germany"]
[Date "2009.10.31"]
[Round "2.3"]
[White "Woeste, Georg"]
[Black "Lueke, Reinhard"]
[Result "0-1"]
[WhiteElo "1798"]
[BlackElo "1860"]
[PlyCount "148"]
[EventDate "2009.09.12"]
[EventType "team-tourn"]
[EventRounds "9"]
[EventCountry "GER"]
[SourceTitle "EXT 2011"]
[Source "ChessBase"]
[SourceDate "2010.11.26"]
[SourceVersion "1"]
[SourceVersionDate "2010.11.26"]
[SourceQuality "1"]
[WhiteTeam "Reckenfeld"]
[BlackTeam "Emsdetten Turm III"]
[WhiteTeamCountry "GER"]
[BlackTeamCountry "GER"]

1. Nf3 d5 2. g3 Nf6 3. Bg2 c6 4. d4 h6 5. Nbd2 Bf5 6. 0-0 Nbd7 7. Re1 g5 8. c4 Bg7 9. b3 0-0 10. Bb2 Re8 11. Ne5 Nxe5 12. dxe5 Ng4 13. e4 dxe4 14. Bxe4 Bxe4 15. Rxe4 f5 16. exf6 Bxf6 17. Qxg4 Bxb2 18. Rd1 Qa5 19. Qe6+ Kg7 20. Nf3 Rad8 21. Nd4 Bxd4 22. Rexd4 Rxd4 23. Rxd4 Qc3 24. Rd7 Qb4 25. Qe5+ Kg6 26. h4 gxh4 27. Rd4 Rg8 28. Rxh4 Qd6 29. Qe4+ Kg7 30. Qg4+ Kh8 31. Qf4 Kh7 32. Qe4+ Rg6 33. Rf4 Kg7 34. Qd4+ Qxd4 35. Rxd4 Rd6 36. Re4 Kf6 37. Re2 h5 38. Kg2 e5 39. f3 Kf5 40. Kf2 Rd3 41. Rc2 c5 42. Ke2 e4 43. fxe4+ Kxe4 44. Kf2 Rf3+ 45. Kg2 Rd3 46. Kf2 Kd4 47. Re2 b6 48. Rc2 a5 49. Kg2 a4 50. bxa4 Ra3 51. Rb2 Rxa4 52. Rxb6 Rxa2+ 53. Kf3 Kxc4 54. Rh6 Rh2 55. Kf4 Kd5 56. g4 h4 57. Rh5+ Kd4 58. Rh8 c4 59. Rd8+ Kc5 60. Rc8+ Kb4 61. Rb8+ Ka3 62. Ra8+ Kb2 63. Rb8+ Kc2 64. g5 c3 65. Kf3 h3 66. g6 Rg2 67. Rb6 Kc1 68. g7 Rxg7 69. Rh6 Re7 70. Rxh3 c2 71. Rh6 Re5 72. Rb6 Kd2 73. Rd6+ Kc3 74. Rc6+ Kb3 0-1

[Event "Steinfurt Bezirksliga 0809"]
[Site "Germany"]
[Date "2009.03.14"]
[Round "7.1"]
[White "Woeste, Georg"]
[Black "Langhans, Joerg"]
[Result "0-1"]
[WhiteElo "1805"]
[BlackElo "1864"]
[PlyCount "92"]
[EventDate "2008.09.27"]
[EventType "team-tourn"]
[EventRounds "9"]
[EventCountry "GER"]
[SourceTitle "EXT 2010"]
[Source "ChessBase"]
[SourceDate "2010.11.25"]
[SourceVersion "1"]
[SourceVersionDate "2010.11.25"]
[SourceQuality "1"]
[WhiteTeam "Reckenfeld"]
[BlackTeam "Rheine Klein Berlin II"]
[WhiteTeamCountry "GER"]
[BlackTeamCountry "GER"]

1. c4 e5 2. g3 Nf6 3. Bg2 Nc6 4. Nc3 Bb4 5. a3 Bxc3 6. bxc3 0-0 7. Nf3 d6 8. 0-0 e4 9. Ng5 Re8 10. Qc2 Bf5 11. d3 exd3 12. exd3 Ne5 13. Ne4 Nxe4 14. dxe4 Be6 15. f4 Nxc4 16. f5 Bd7 17. Qe2 Ne5 18. f6 gxf6 19. Qh5 Ng6 20. Bf4 Qe7 21. Bh6 Qe5 22. Qf3 Bc6 23. Rae1 Re7 24. h4 Qe6 25. h5 Ne5 26. Qe2 Qg4 27. Qf2 Re6 28. Qf5 Qxf5 29. Rxf5 Rae8 30. Rf4 f5 31. Bg5 Nd3 32. Re3 Nxf4 33. gxf4 h6 34. Bh4 Bxe4 35. Bh3 Bc2 36. Rg3+ Kh7 37. Rg2 Rg8 38. Kf2 Rxg2+ 39. Bxg2 Be4 40. Bf1 d5 41. Bd8 Rc6 42. Ke3 Rxc3+ 43. Kd4 Rf3 44. Be2 Rf2 45. Ke3 Rh2 46. Bxc7 d4+ 0-1

[Event "Steinfurt Bezirksliga 0809"]
[Site "Germany"]
[Date "2009.01.17"]
[Round "5.1"]
[White "Woeste, Georg"]
[Black "Guennigmann, Stefan"]
[Result "1/2-1/2"]
[WhiteElo "1805"]
[BlackElo "1780"]
[PlyCount "86"]
[EventDate "2008.09.27"]
[EventType "team-tourn"]
[EventRounds "9"]
[EventCountry "GER"]
[SourceTitle "EXT 2010"]
[Source "ChessBase"]
[SourceDate "2010.11.25"]
[SourceVersion "1"]
[SourceVersionDate "2010.11.25"]
[SourceQuality "1"]
[WhiteTeam "Reckenfeld"]
[BlackTeam "Saerbeck II"]
[WhiteTeamCountry "GER"]
[BlackTeamCountry "GER"]

1. Nf3 d5 2. g3 Nf6 3. Bg2 Bf5 4. 0-0 c6 5. d4 e6 6. c4 Nbd7 7. Qb3 b6 8. Nc3 Rc8 9. Nh4 Bg6 10. Bg5 Be7 11. Nxg6 hxg6 12. e4 dxc4 13. Qxc4 b5 14. Qb3 Ng4 15. Bxe7 Qxe7 16. h3 Ngf6 17. d5 Nc5 18. Qb4 exd5 19. exd5 0-0 20. Rad1 cxd5 21. Rfe1 Qxe1+ 22. Rxe1 Nd3 23. Qe7 Rfe8 24. Qxe8+ Rxe8 25. Rxe8+ Nxe8 26. Nxb5 a6 27. Nc3 Nxb2 28. Nxd5 Nd6 29. Bf1 a5 30. Nc3 f6 31. f4 Kf7 32. Kf2 Nbc4 33. Bg2 Nb6 34. Ke2 Ke6 35. Kd3 g5 36. Kd4 Nf5+ 37. Kc5 Nd7+ 38. Kb5 Nxg3 39. fxg5 fxg5 40. Kxa5 Kd6 41. Kb5 Nc5 42. a3 g6 43. Kc4 Ne6 1/2-1/2

[Event "Steinfurt Bezirksliga 0809"]
[Site "Germany"]
[Date "2008.10.25"]
[Round "2.1"]
[White "Muhmann, Reinhard"]
[Black "Woeste, Georg"]
[Result "0-1"]
[WhiteElo "1468"]
[BlackElo "1805"]
[PlyCount "64"]
[EventDate "2008.09.27"]
[EventType "team-tourn"]
[EventRounds "9"]
[EventCountry "GER"]
[SourceTitle "EXT 2010"]
[Source "ChessBase"]
[SourceDate "2010.11.25"]
[SourceVersion "1"]
[SourceVersionDate "2010.11.25"]
[SourceQuality "1"]
[WhiteTeam "Emsdetten Rochade III"]
[BlackTeam "Reckenfeld"]
[WhiteTeamCountry "GER"]
[BlackTeamCountry "GER"]

1. d4 Nf6 2. Nf3 e6 3. Bg5 Be7 4. e3 b6 5. Bd3 Bb7 6. Nbd2 d5 7. c3 Nbd7 8. 0-0 0-0 9. Qc2 h6 10. Bh4 c5 11. Rfe1 c4 12. Bf1 b5 13. a3 Ne4 14. Bxe7 Qxe7 15. g3 e5 16. Bg2 Nxd2 17. Nxd2 e4 18. Rf1 f5 19. Rae1 g5 20. f3 Nb6 21. f4 Bc8 22. Rf2 Kg7 23. Ref1 g4 24. Nb1 Bd7 25. Qd1 h5 26. h4 gxh3 27. Bxh3 Rh8 28. Rh2 Rag8 29. Rff2 Kf8 30. Rfg2 h4 31. Qe1 hxg3 32. Rxg3 Rxg3+ 0-1